Online Catalogue and eLibrary

Postmodernism in a global perspective / (Record no. 5900)

MARC details
000 -LEADER
fixed length control field 00642cam a2200217 i 4500
001 - CONTROL NUMBER
control field 17985996
005 - DATE AND TIME OF LATEST TRANSACTION
control field 20240613064241.0
008 - FIXED-LENGTH DATA ELEMENTS--GENERAL INFORMATION
fixed length control field 140102s2014 cau b 001 0 eng
020 ## - INTERNATIONAL STANDARD BOOK NUMBER
ISBN 9788132113188
040 ## - CATALOGING SOURCE (பட்டியலாக்க மூலம்)
Original cataloging agency DLC
Language of cataloging eng
Transcribing agency DLC
Description conventions rda
Modifying agency DLC
082 00 - DDC Classification
Class No. 301.01
DDC Edition Number 23
245 00 - TITLE STATEMENT
Title Postmodernism in a global perspective /
Statement of responsibility, etc. edited by Samir Dasgupta, Peter Kivisto.
250 ## - EDITION STATEMENT
Edition statement 1 st
260 ## - PUBLICATION, DISTRIBUTION, ETC.
Place of publication, distribution, etc. New Delhi
Name of publisher, distributor, etc. SAGE Publication
Date of publication, distribution, etc. 2014
300 ## - PHYSICAL DESCRIPTION
Extent (e.g. Volumes, Pages etc.) xx, 285 pages ;
650 #0 - SUBJECT ADDED ENTRY--TOPICAL TERM
Topical term or geographic name entry element Postmodernism.
650 #0 - SUBJECT ADDED ENTRY--TOPICAL TERM
Topical term or geographic name entry element Sociology
700 1# - ADDED ENTRY--PERSONAL NAME
Personal name Dasgupta, Samir,
Relator term (Role)
700 1# - ADDED ENTRY--PERSONAL NAME
Personal name Kivisto, Peter
Relator term (Role)
942 ## - Koha item type (Biblio)
Koha item type Books in Stacks (Lending)
Holdings
Lost status Damaged status Collection code Home library Current library Date acquired Full call number Accession Number Item type
    Lending WERC Library WERC Library 06/13/2024 301.01 7051 Books in Stacks (Lending)

© WERC Library